World power and atomic energy, (Record no. 541943)
[ view plain ]
| 000 -LEADER | |
|---|---|
| fixed length control field | 00809cam a22001811 4500 |
| 082 ## - DEWEY DECIMAL CLASSIFICATION NUMBER | |
| Classification number | 333.7924 |
| Author Mark | WIM |
| -- | L-30, p-29 |
| 100 1# - MAIN ENTRY--PERSONAL NAME | |
| Personal name | Wimperis, Harry Egerton, |
| 9 (RLIN) | 37014 |
| 245 10 - TITLE STATEMENT | |
| Title | World power and atomic energy, |
| Remainder of title | the impact on international relations. |
| 260 ## - PUBLICATION, DISTRIBUTION, ETC. | |
| Place of publication, distribution, etc. | London, |
| Name of publisher, distributor, etc. | Constable |
| Date of publication, distribution, etc. | [1946] |
| 300 ## - PHYSICAL DESCRIPTION | |
| Extent | viii, 87 p. |
| Other physical details | 5 plates. |
| Dimensions | 20cm. |
| 500 ## - GENERAL NOTE | |
| General note | "[An expansion of] the survey I made, at the invitation of the Royal Institute of International Affairs, of 'The impact upon international relations of the new weapons,' published in their journal, The world to-day (Sept. 1945)" - Pref. |
| 500 ## - GENERAL NOTE | |
| General note | At head of title : H. E. Wimperis. |
| 526 ## - STUDY PROGRAM INFORMATION NOTE | |
| Program name | 0 |
| Interest level | 0 |
| Reading level | 0 |
| Title point value | 333_792400000000000_WIM |
| 650 #0 - SUBJECT ADDED ENTRY--TOPICAL TERM | |
| Topical term or geographic name entry element | Atomic bomb. |
| 9 (RLIN) | 37015 |
| 650 #0 - SUBJECT ADDED ENTRY--TOPICAL TERM | |
| Topical term or geographic name entry element | International relations. |
| 650 #0 - SUBJECT ADDED ENTRY--TOPICAL TERM | |
| Topical term or geographic name entry element | Nuclear energy. |
| 942 ## - ADDED ENTRY ELEMENTS (KOHA) | |
| Source of classification or shelving scheme | |
| Koha item type | Book |
| Withdrawn status | Lost status | Source of classification or shelving scheme | Damaged status | Not for loan | Permanent Location | Current Location | Date acquired | Total Checkouts | Full call number | Barcode | Date last seen | Copy number | Price effective from | Koha item type |
|---|---|---|---|---|---|---|---|---|---|---|---|---|---|---|
| Military College of Engineering (MCE) | Military College of Engineering (MCE) | 09/11/2013 | 333.7924 WIM | MCE-40350 | 09/11/2013 | 1 | 09/11/2013 | Book |
